Fully corporate Knight Frank nears (Record no. 62883)

MARC details
000 -LEADER
fixed length control field 00786cam a2200217 4500
001 - CONTROL NUMBER
control field WB3611-05
008 - FIXED-LENGTH DATA ELEMENTS--GENERAL INFORMATION
fixed length control field 000000n2000 000 0 eng u
035 ## - SYSTEM CONTROL NUMBER
System control number (Sirsi) u104828
245 ## - TITLE STATEMENT
Title Fully corporate Knight Frank nears
260 ## - PUBLICATION, DISTRIBUTION, ETC.
Date of publication, distribution, etc. 2000
490 ## - SERIES STATEMENT
Series statement Estates Gazette
Volume/sequential designation (0010) 11 March 2000, 41
490 ## - SERIES STATEMENT
Series statement Property Week
Volume/sequential designation 65(10) 10 March 2000, 2(1)
520 ## - SUMMARY, ETC.
Summary, etc. Property firm Knight Frank is planning to merge with US real estate consultant Grubb & Ellis. The firm aims to offer the same standard of service on both sides of the Atlantic and this deal would ensure this.
590 ## - LOCAL NOTE (RLIN)
Local note WB
650 ## - SUBJECT ADDED ENTRY--TOPICAL TERM
Topical term or geographic name entry element KNIGHT FRANK
650 ## - SUBJECT ADDED ENTRY--TOPICAL TERM
Topical term or geographic name entry element GRUBB & ELLIS
650 ## - SUBJECT ADDED ENTRY--TOPICAL TERM
Topical term or geographic name entry element UNITED STATES
650 ## - SUBJECT ADDED ENTRY--TOPICAL TERM
Topical term or geographic name entry element MERGER NEGOTIATIONS
690 ## - LOCAL SUBJECT ADDED ENTRY--TOPICAL TERM (OCLC, RLIN)
Topical term or geographic name as entry element MANAGEMENT-BUSINESS MANAGEMENT
942 ## - ADDED ENTRY ELEMENTS (KOHA)
Suppress in OPAC 0
Holdings
Withdrawn status Lost status Source of classification or shelving scheme Damaged status Not for loan Home library Current library Shelving location Date acquired Total Checkouts Full call number Barcode Date last seen Copy number Price effective from Koha item type
    Dewey Decimal Classification     London London News article 14/03/2000   WB3611-05 104828-1001 06/08/2019 1 06/08/2019 News article